000 00713nam a2200277Ia 4500
005 20260324124545.0
008 008 260324s9999 xx 000 0 eng d
020 _a9781315597850
037 _aEBOOK
040 _aCRL
040 _beng
040 _cCRL
041 _2eng
041 _aeng
084 _qCRL
100 _aSteven Kornguth; Rebecca Steinberg; Michael D. Matthews
_91174611
245 0 _aNeurocognitive and Physiological Factors During High-Tempo Operations
260 _bTaylor and Francis
260 _c2010
365 _a
365 _b340
856 _uhttp://www.taylorfrancis.com/books/9781315597850
942 _cEBOOK
999 _c1769084
_d1769084